Z činnosti Klubu chovateľov košických kotrmeliakov

Bibliographic Details
Main Author: Makatúra, Ondrej (Author)
Format: Article
Language:Slovak
PhysicalDescription:Fotogr.
ISSN:0862-5573
Subjects:

MARC

LEADER 00000nab a2200000 a 4500
001 vtls009310352
003 SK-MaSNL
005 20260303054612.0
008 140328c2008 xo |||||||||||000 b|slo
015 |a SNBRB2008/07  |2 snkbucl 
038 |a SNKBUCL 
040 |a SNKBUCL  |b slo  |c SNKBUCL  |e AACR2 
041 0 |a slo 
044 |a xo  |c SK 
080 |a 636.596:061.237  |x (437.6)  |2 1997 
080 |a 636:061.25  |x (437.6)  |2 1997 
100 1 |a Makatúra, Ondrej  |4 aut  |9 1048830 
245 1 0 |a Z činnosti Klubu chovateľov košických kotrmeliakov  |c Ondrej Makatúra 
300 |b Fotogr. 
610 2 7 |a Slovenský zväz chovateľov  |b Klub chovateľov košických kotrmeliakov  |2 snkbucl  |9 1048831 
648 7 |a 2008  |2 snkbucl  |9 317238 
650 0 7 |a schôdze  |2 snkbucl  |9 448894 
773 0 |t Chovateľ  |g Roč. 44, č. 6 (2008), s. 11  |x 0862-5573 
852 |a SNK  |b KIS3GCP 
958 |a SK 
999 |c 1723949  |d 1725879